| 000 | 00606nam a2200145 a 4500 | ||
|---|---|---|---|
| 008 | 130920s2012 ||||||||||||||||| || u | ||
| 050 | _aGOV.ZAM.H4(02) | ||
| 110 | _aMinistry of Health (Ghana) | ||
| 245 | 1 | 0 |
_aNational health policy _cby Government of the Republic of Zambia, Ministry of Health [MoH] |
| 260 |
_aLusaka: _bMinistry of Health (MOH) _c2012 |
||
| 300 | _a57p.: ill. | ||
| 362 | 1 | _a<p>2012</p> | |
| 650 | _aNATIONAL HEALTH POLICY--ZAMBIA | ||
| 995 |
_aSPECIAL COLLECTIONS _e1007 _FCBU-SCHOOL OF MEDICINE LIBRARY (Ndola) _jGOV.ZAM.H4(02)2012/1 _M1 _UAVAILABLE _WSep 27, 2013 _yB1007 _ZZambiana Collection |
||
| 999 |
_c32132 _d32132 |
||